Statystyki dla Najveci gradovi u Vojvodini

Kliknij tutaj aby rozwiązać quiz!

Ogólne statystyki

  • Ten quiz został rozwiązany 55 razy
  • Średni wynik to 8 z 10

Statystyki odpowiedzi

Odgovori% Poprawnych
Novi sad
100%
Subotica
98%
Sombor
91%
Zrenjanin
91%
Pancevo
84%
Kikinda
80%
Sremska Mitrovica
80%
Vrsac
77%
Ruma
57%
Backa Palanka
52%

Rozkład punktacji

Percentyl według liczby udzielonych odpowiedzi

Procent ludzi z każdym wynikiem

Twoja historia wyników

Nie rozwiązałeś tego quizu